La vida es sueño y hay que soñarla bien despierto
Αποθηκεύτηκε σε:
| Κύριος συγγραφέας: | |
|---|---|
| Μορφή: | Βιβλίο |
| Γλώσσα: | Spanish |
| Έκδοση: |
San José, Costa Rica
Antanaclasis, Editores, S. A.
2016
|
| Θέματα: | |
| Ετικέτες: |
Προσθήκη ετικέτας
Δεν υπάρχουν, Καταχωρήστε ετικέτα πρώτοι!
|
MARC
| LEADER | 00000nam a22000007a 4500 | ||
|---|---|---|---|
| 008 | 170424b xxu||||| |||| 00| 0 spa d | ||
| 999 | |c 15297 |d 15297 | ||
| 020 | |a 978-9930-9480-9-5 | ||
| 040 | |a cru BVZT | ||
| 090 | |a 868 R-1.3v | ||
| 100 | |a Ramírez Briceño, Édgar Roy | ||
| 245 | |a La vida es sueño y hay que soñarla bien despierto |c Édgar Roy Ramírez Briceño | ||
| 260 | |a San José, Costa Rica |b Antanaclasis, Editores, S. A. |c 2016 | ||
| 300 | |a 114 página, Número 4 | ||
| 650 | |a LITERATURA COSTARRICENSE |9 17 | ||
| 650 | |a POESÍA |9 18 | ||
| 942 | |c 15 D |h 868 R-1.3v |2 z | ||



